NHS trusts need to sell property (Record no. 69996)

MARC details
000 -LEADER
fixed length control field 00926cam a2200217 4500
001 - CONTROL NUMBER
control field WB3814-21
008 - FIXED-LENGTH DATA ELEMENTS--GENERAL INFORMATION
fixed length control field 020417n2002 000 0 eng u
035 ## - SYSTEM CONTROL NUMBER
System control number (Sirsi) u117535
245 ## - TITLE STATEMENT
Title NHS trusts need to sell property
260 ## - PUBLICATION, DISTRIBUTION, ETC.
Date of publication, distribution, etc. 2002
490 ## - SERIES STATEMENT
Series statement Property Week
Volume/sequential designation 17 April 2002, 4(1)
520 ## - SUMMARY, ETC.
Summary, etc. National Audit Office Report argues national health trusts need to do more to identify surplus property and sell it faster. This report was prompted by the NHS programme to sell off surplus property and it concluded that there was scope for the NHS trusts to speed up sales and bring forwards sales receipts. For link to full report: http://www.nao.gov.uk/publications/nao_reports/01-02/0102687es.pdf
590 ## - LOCAL NOTE (RLIN)
Local note WB
650 ## - SUBJECT ADDED ENTRY--TOPICAL TERM
Topical term or geographic name entry element NHS TRUSTS
650 ## - SUBJECT ADDED ENTRY--TOPICAL TERM
Topical term or geographic name entry element NATIONAL AUDIT OFFICE
650 ## - SUBJECT ADDED ENTRY--TOPICAL TERM
Topical term or geographic name entry element SURPLUS PROPERTY
650 ## - SUBJECT ADDED ENTRY--TOPICAL TERM
Topical term or geographic name entry element NHS PROPERTY
650 ## - SUBJECT ADDED ENTRY--TOPICAL TERM
Topical term or geographic name entry element PLANNING AUTHORITIES
690 ## - LOCAL SUBJECT ADDED ENTRY--TOPICAL TERM (OCLC, RLIN)
Topical term or geographic name as entry element PROPERTY
942 ## - ADDED ENTRY ELEMENTS (KOHA)
Suppress in OPAC 0
Holdings
Withdrawn status Lost status Source of classification or shelving scheme Damaged status Not for loan Home library Current library Shelving location Date acquired Total Checkouts Full call number Barcode Date last seen Copy number Price effective from Koha item type
    Dewey Decimal Classification     London London News article 17/04/2002   WB3814-21 117535-1001 06/08/2019 1 06/08/2019 News article